| Поле | Название | Значение |
| |
Тип записи |
c |
| |
Библиографический уровень |
m |
| 001 |
Контрольный номер |
RU/УОНБ/EK_N/604662592 |
| 005 |
Дата корректировки |
20260403214230.8 |
| 010 |
Индекс ISBN |
__ |
| 9 |
Тираж |
400 экз. |
| 013 |
Номер (ISMN) |
__ |
| a |
Номер (ISMN) |
979-0-66006-049-0 |
| d |
Цена |
467 р. |
| 071 |
Издательские номер (звукозапись и ноты) |
21 |
| a |
Номер, присвоенный агентством |
15909 |
| 100 |
Данные общей обработки |
__ |
| a |
Данные общей обработки |
20190228d2013 u y0rusy0189 ca |
| 101 |
Язык документа |
0_ |
| a |
Язык текста |
rus |
| f |
Язык титульного листа |
rus |
| 102 |
Страна публикации |
__ |
| a |
Страна публикации |
RU |
| 125 |
Кодированные данные звукозаписи и нотных изданий |
__ |
| a |
Форма изложения нотного текста |
с |
| 128 |
Кодированные данные (звукозаписи-физические характеристики) |
__ |
| a |
Кодированные данные: Музыкальная форма и тональность или лад |
chs |
| b |
Инструменты или голоса, необходимые для ансамблей (устаревшее) |
cu |
| c |
Инструменты или голоса, рекомендуемые для солистов (устаревшее) |
vu |
| 200 |
Заглавие и сведения об ответственности |
1_ |
| a |
Заглавие |
Вып. 4 |
| e |
Сведения, относящиеся к заглавию |
песни, ансамбли и хоры для юношества |
| e |
Сведения, относящиеся к заглавию |
[для пения (соло, ансамбль, хор) с сопровождением и без сопровождения фортепиано] |
| f |
Первые сведения об ответственности |
составители [и авторы предисловия] Л. И. Уколова и М. С. Осеннева |
| 203 |
Вид содержания и тип средства |
__ |
| a |
Вид содержания |
Музыка |
| b |
Характеристика содержания |
знаковая |
| c |
Тип средства |
непосредственная |
| 210 |
Выходные данные |
1_ |
| d |
Дата издания |
2013 |
| 215 |
Физическое описание |
__ |
| a |
Объем |
88 с. |
| 327 |
Примечание о содержании |
11 |
| a |
Примечание о содержании |
Содерж.: Калистратов В. Это ты, моя Россия / сл. Б. Дубровина. Морозов А. Мой край / сл. Г. Горбовского. Шаинский В. Уголок России / сл. Е. Шевелевой. Таривердиев М. Песня о далекой Родине : из тф. "Семнадцать мгновений весны" / сл. Р. Рождественского. Антонов Ю. Родные места : из муз. сказки "Приключения кузнечика Кузи" / сл. М. Пляцковского. Плешак В. Храни огонь : из кф. "Тебе доверена земля" / сл. О. Фокиной. Хозак Р. Офицеры : из кф. "Офицеры" / сл. Е. Аграновича. Высоцкий В. Сыновья уходят в бой / сл. В. Высоцкого ; перелож. В. Мызникова. Окуджава Б. До свидания, мальчики / сл. Б. Окуджавы ; обраб. С. Грибкова ; Песенка об Арбате / сл. Б. Окуджавы. Тухманов Д. День Победы / сл. В. Харитонова. Хренников Т. Московские окна / сл. М. Матусовского. Никитин С. Александра : из кф. "Москва слезам не верит" / сл. Д. Сухарева и Ю. Визбора ; перелож. В. Моделя. Пахмутова А. До свиданья, Москва / сл. Н. Добронравова. Лученок И. Высокие звезды / сл. Р. Гамзатова ; пер. с авар. Я. Козловского. Петров А. Песня материнской любви : из кф. "Синяя птица" / сл. Т. Харрисона ; рус. текст Т. Калининой. Лебедев В. Песня гардемаринов ; Земля, где так много разлук : из тф. "Гардемарины, вперед!" / сл. Ю. Ряшенцева. Миляев В. Весна / сл. В. Миляева. Пожлаков С. Качели : из кф. "Лесные качели" / сл. Г. Горбовского ; перелож. В. Шляпкина. Синенко В. Все возможно в Новый год! / сл. С. Плахутиной ; Не смейте забывать учителей! / сл. А. Дементьева. Пономаренко Г. Отговорила роща золотая / сл. С. Есенина. Берковский В. и Никитин С. Под музыку Вивальди / сл. А. Величанского. Визбор Ю. Солнышко лесное / сл. Ю. Визбора. Гладков Г. Прощальная песня : из тф. "Обыкновенное чудо" / сл. Ю. Кима. Намин С. Мы желаем счастья вам / сл. И. Шаферана |
| 461 |
Уровень набора |
_0 |
| 1 |
|
2001 |
| a |
|
Музыка в школе |
| v |
|
Вып. 4 |
| 1 |
|
2101 |
| a |
|
Москва |
| c |
|
Музыка |
| d |
|
2013 - |
| 1 |
|
001RU/УОНБ/EK_N/591630552 |
| 464 |
Аналитический уровень |
_0 |
| 1 |
|
036 |
| t |
|
Глубока синева... |
| 1 |
|
700 1 |
| a |
|
Калистратов |
| b |
|
В. |
| 1 |
|
702 1 |
| a |
|
Дубровин |
| b |
|
Б. |
| 4 |
|
520 |
| 1 |
|
2001 |
| a |
|
Это ты, моя Россия |
| 464 |
Аналитический уровень |
_0 |
| 1 |
|
036 |
| t |
|
Всё тебе отдаю... |
| 1 |
|
700 1 |
| a |
|
Морозов |
| b |
|
А. |
| 1 |
|
702 1 |
| a |
|
Горбовский |
| b |
|
Г. |
| 4 |
|
520 |
| 1 |
|
2001 |
| a |
|
Мой край |
| 464 |
Аналитический уровень |
_0 |
| 1 |
|
036 |
| t |
|
Простор небесный сизокрыл и тишина кругом... |
| 1 |
|
700 1 |
| a |
|
Шаинский |
| b |
|
В. |
| 1 |
|
702 1 |
| a |
|
Шевелева |
| b |
|
Е. |
| 4 |
|
520 |
| 1 |
|
2001 |
| a |
|
Уголок России |
| 464 |
Аналитический уровень |
_0 |
| 1 |
|
036 |
| t |
|
Я прошу, хоть ненадолго... |
| 1 |
|
700 1 |
| a |
|
Таривердиев |
| b |
|
М. |
| 1 |
|
702 1 |
| a |
|
Рождественский |
| b |
|
Р. |
| 4 |
|
520 |
| 1 |
|
2001 |
| a |
|
Песня о далекой Родине |
| e |
|
из тф. "Семнадцать мгновений весны" |
| 1 |
|
50010 |
| a |
|
Семнадцать мгновений весны |
| 464 |
Аналитический уровень |
_0 |
| 1 |
|
036 |
| t |
|
В родных местах ромашкой пахнет ветер... |
| 1 |
|
700 1 |
| a |
|
Антонов |
| b |
|
Ю. |
| 1 |
|
702 1 |
| a |
|
Пляцковский |
| b |
|
М. |
| 4 |
|
520 |
| 1 |
|
2001 |
| a |
|
Родные места |
| e |
|
из муз. сказки "Приключения кузнечика Кузи" |
| 1 |
|
50010 |
| a |
|
Приключения кузнечика Кузи |
| 464 |
Аналитический уровень |
_0 |
| 1 |
|
036 |
| t |
|
Храни огонь родного очага... |
| 1 |
|
700 1 |
| a |
|
Плешак |
| b |
|
В. |
| 1 |
|
702 1 |
| a |
|
Фокина |
| b |
|
О. |
| 4 |
|
520 |
| 1 |
|
2001 |
| a |
|
Храни огонь |
| e |
|
из кф. "Тебе доверена земля" |
| 1 |
|
50010 |
| a |
|
Тебе доверена земля |
| 464 |
Аналитический уровень |
_0 |
| 1 |
|
036 |
| t |
|
От героев былых времен... |
| 1 |
|
700 1 |
| a |
|
Хозак |
| b |
|
Р. |
| 1 |
|
702 1 |
| a |
|
Агранович |
| b |
|
Е. |
| 4 |
|
520 |
| 1 |
|
2001 |
| a |
|
Офицеры |
| e |
|
из кф. "Офицеры" |
| 1 |
|
50010 |
| a |
|
Офицеры |
| 464 |
Аналитический уровень |
_0 |
| 1 |
|
036 |
| t |
|
Сегодня не слышно биенья сердец... |
| 1 |
|
700 1 |
| a |
|
Высоцкий |
| b |
|
В. |
| 1 |
|
702 1 |
| a |
|
Высоцкий |
| b |
|
В. |
| 4 |
|
520 |
| 1 |
|
702 1 |
| a |
|
Мызников |
| b |
|
В. |
| 4 |
|
030 |
| 1 |
|
2001 |
| a |
|
Сыновья уходят в бой |
| 464 |
Аналитический уровень |
_0 |
| 1 |
|
036 |
| t |
|
Ах, война, что ж ты сделала, подлая!.. |
| 1 |
|
700 1 |
| a |
|
Окуджава |
| b |
|
Б. |
| 1 |
|
702 1 |
| a |
|
Окуджава |
| b |
|
Б. |
| 4 |
|
520 |
| 1 |
|
702 1 |
| a |
|
Грибков |
| b |
|
С. |
| 4 |
|
030 |
| 1 |
|
2001 |
| a |
|
До свидания, мальчики |
| 464 |
Аналитический уровень |
_0 |
| 1 |
|
036 |
| t |
|
День Победы, как он был от нас далек... |
| 1 |
|
700 1 |
| a |
|
Тухманов |
| b |
|
Д. |
| 1 |
|
702 1 |
| a |
|
Харитонов |
| b |
|
В. |
| 4 |
|
520 |
| 1 |
|
2001 |
| a |
|
День Победы |
| 464 |
Аналитический уровень |
_0 |
| 1 |
|
036 |
| t |
|
Вот опять небес темнеет высь... |
| 1 |
|
700 1 |
| a |
|
Хренников |
| b |
|
Т. |
| 1 |
|
702 1 |
| a |
|
Матусовский |
| b |
|
М. |
| 4 |
|
520 |
| 1 |
|
2001 |
| a |
|
Московские окна |
| 464 |
Аналитический уровень |
_0 |
| 1 |
|
036 |
| t |
|
Не сразу всё устроилось, Москва не сразу строилась... |
| 1 |
|
700 1 |
| a |
|
Никитин |
| b |
|
С. |
| 1 |
|
702 1 |
| a |
|
Сухарев |
| b |
|
Д. |
| 4 |
|
520 |
| 1 |
|
702 1 |
| a |
|
Визбор |
| b |
|
Ю. |
| 4 |
|
520 |
| 1 |
|
702 1 |
| a |
|
Модель |
| b |
|
В. |
| 4 |
|
030 |
| 1 |
|
2001 |
| a |
|
Александра |
| e |
|
из кф. "Москва слезам не верит" |
| 1 |
|
50010 |
| a |
|
Москва слезам не верит |
| 464 |
Аналитический уровень |
_0 |
| 1 |
|
036 |
| t |
|
На трибунах становится тише... |
| 1 |
|
700 1 |
| a |
|
Пахмутова |
| b |
|
А. |
| 1 |
|
702 1 |
| a |
|
Добронравов |
| b |
|
Н. |
| 4 |
|
520 |
| 1 |
|
2001 |
| a |
|
До свиданья, Москва |
| 464 |
Аналитический уровень |
_0 |
| 1 |
|
036 |
| t |
|
В краю вершин, крутых и гордых... |
| 1 |
|
700 1 |
| a |
|
Лученок |
| b |
|
И. |
| 1 |
|
702 1 |
| a |
|
Гамзатов |
| b |
|
Р. |
| 4 |
|
520 |
| 1 |
|
702 1 |
| a |
|
Козловский |
| b |
|
Я. |
| 4 |
|
730 |
| 1 |
|
2001 |
| a |
|
Высокие звезды |
| 464 |
Аналитический уровень |
_0 |
| 1 |
|
036 |
| t |
|
Погаснет звезда... |
| 1 |
|
700 1 |
| a |
|
Петров |
| b |
|
А. |
| 1 |
|
702 1 |
| a |
|
Харрисон |
| b |
|
Т. |
| 4 |
|
520 |
| 1 |
|
702 1 |
| a |
|
Калинина |
| b |
|
Т. |
| 4 |
|
730 |
| 1 |
|
2001 |
| a |
|
Песня материнской любви |
| e |
|
из кф. "Синяя птица" |
| 1 |
|
50010 |
| a |
|
Синяя птица |
| 464 |
Аналитический уровень |
_0 |
| 1 |
|
036 |
| t |
|
По воле Божьей так случилось иль это нрав у нас таков... |
| 1 |
|
700 1 |
| a |
|
Лебедев |
| b |
|
В. |
| 1 |
|
702 1 |
| a |
|
Ряшенцев |
| b |
|
Ю. |
| 4 |
|
520 |
| 1 |
|
2001 |
| a |
|
Песня гардемаринов |
| e |
|
из тф. "Гардемарины, вперед!" |
| 1 |
|
50010 |
| a |
|
Гардемарины, вперед! |
| 464 |
Аналитический уровень |
_0 |
| 1 |
|
036 |
| t |
|
Вот идёт по свету человек-чудак... |
| 1 |
|
700 1 |
| a |
|
Миляев |
| b |
|
В. |
| 1 |
|
702 1 |
| a |
|
Миляев |
| b |
|
В. |
| 4 |
|
520 |
| 1 |
|
2001 |
| a |
|
Весна |
| 464 |
Аналитический уровень |
_0 |
| 1 |
|
036 |
| t |
|
То к небу, то опять... |
| 1 |
|
700 1 |
| a |
|
Пожлаков |
| b |
|
С. |
| 1 |
|
702 1 |
| a |
|
Горбовский |
| b |
|
Г. |
| 4 |
|
520 |
| 1 |
|
702 1 |
| a |
|
Шляпкин |
| b |
|
В. |
| 4 |
|
030 |
| 1 |
|
2001 |
| a |
|
Качели |
| e |
|
из кф. "Лесные качели" |
| 1 |
|
50010 |
| a |
|
Лесные качели |
| 464 |
Аналитический уровень |
_0 |
| 1 |
|
036 |
| t |
|
В чудеса давно не верим - вот беда... |
| 1 |
|
700 1 |
| a |
|
Синенко |
| b |
|
В. |
| 1 |
|
702 1 |
| a |
|
Плахутина |
| b |
|
С. |
| 4 |
|
520 |
| 1 |
|
2001 |
| a |
|
Все возможно в Новый год! |
| 464 |
Аналитический уровень |
_0 |
| 1 |
|
700 1 |
| a |
|
Пономаренко |
| b |
|
Г. |
| 1 |
|
702 1 |
| a |
|
Есенин |
| b |
|
С. |
| 4 |
|
520 |
| 1 |
|
2001 |
| a |
|
Отговорила роща золотая |
| 464 |
Аналитический уровень |
_0 |
| 1 |
|
036 |
| t |
|
Под музыку Вивальди, Вивальди, Вивальди... |
| 1 |
|
700 1 |
| a |
|
Берковский |
| b |
|
В. |
| 1 |
|
701 1 |
| a |
|
Никитин |
| b |
|
С. |
| 1 |
|
702 1 |
| a |
|
Величанский |
| b |
|
А. |
| 4 |
|
520 |
| 1 |
|
2001 |
| a |
|
Под музыку Вивальди |
| 464 |
Аналитический уровень |
_0 |
| 1 |
|
036 |
| t |
|
Всем нашим встречам разлуки, увы, суждены... |
| 1 |
|
700 1 |
| a |
|
Визбор |
| b |
|
Ю. |
| 1 |
|
702 1 |
| a |
|
Визбор |
| b |
|
Ю. |
| 4 |
|
520 |
| 1 |
|
2001 |
| a |
|
Солнышко лесное |
| 464 |
Аналитический уровень |
_0 |
| 1 |
|
036 |
| t |
|
Давайте негромко... |
| 1 |
|
700 1 |
| a |
|
Гладков |
| b |
|
Г. |
| 1 |
|
702 1 |
| a |
|
Ким |
| b |
|
Ю. |
| 4 |
|
520 |
| 1 |
|
2001 |
| a |
|
Прощальная песня |
| e |
|
из тф. "Обыкновенное чудо" |
| 1 |
|
50010 |
| a |
|
Обыкновенное чудо |
| 464 |
Аналитический уровень |
_0 |
| 1 |
|
036 |
| t |
|
В мире, где кружится снег шальной... |
| 1 |
|
700 1 |
| a |
|
Намин |
| b |
|
С. |
| 1 |
|
702 1 |
| a |
|
Шаферан |
| b |
|
И. |
| 4 |
|
520 |
| 1 |
|
2001 |
| a |
|
Мы желаем счастья вам |
| 464 |
Аналитический уровень |
_0 |
| 1 |
|
036 |
| t |
|
Ты течешь, как река... |
| 1 |
|
700 1 |
| a |
|
Окуджава |
| b |
|
Б. |
| 1 |
|
702 1 |
| a |
|
Окуджава |
| b |
|
Б. |
| 4 |
|
520 |
| 1 |
|
2001 |
| a |
|
Песенка об Арбате |
| 464 |
Аналитический уровень |
_0 |
| 1 |
|
036 |
| t |
|
Как жизнь без весны... |
| 1 |
|
700 1 |
| a |
|
Лебедев |
| b |
|
В. |
| 1 |
|
702 1 |
| a |
|
Ряшенцев |
| b |
|
Ю. |
| 4 |
|
520 |
| 1 |
|
2001 |
| a |
|
Земля, где так много разлук |
| e |
|
из тф. "Гардемарины, вперед!" |
| 1 |
|
50010 |
| a |
|
Гардемарины, вперед! |
| 464 |
Аналитический уровень |
_0 |
| 1 |
|
700 1 |
| a |
|
Синенко |
| b |
|
В. |
| 1 |
|
702 1 |
| a |
|
Дементьев |
| b |
|
А. |
| 4 |
|
520 |
| 1 |
|
2001 |
| a |
|
Не смейте забывать учителей! |
| 606 |
Тематические рубрики |
0_ |
| a |
Основная рубрика |
Детские песни |
| x |
Основная подрубрика |
Песни, ансамбли и хоры для юношества |
| x |
Основная подрубрика |
Учебные пособия |
| 610 |
Ключевые слова |
0_ |
| a |
Ключевые слова |
музыка в школе |
| 610 |
Ключевые слова |
0_ |
| a |
Ключевые слова |
учебные пособия |
| 610 |
Ключевые слова |
0_ |
| a |
Ключевые слова |
песни, ансамбли и хоры для юношества |
| 686 |
Индексы других классификаций |
__ |
| a |
Классификационный индекс |
85.98я72 |
| 2 |
Код системы |
rubbk |
| 702 |
Вторичная интеллектуальная ответственность |
_1 |
| a |
Фамилия |
Уколова |
| b |
Имя (инициалы) |
Л. И. |
| 4 |
Код отношения |
080 |
| 4 |
Код отношения |
220 |
| 702 |
Вторичная интеллектуальная ответственность |
_1 |
| a |
Фамилия |
Осеннева |
| b |
Имя (инициалы) |
М. С. |
| 4 |
Код отношения |
080 |
| 4 |
Код отношения |
220 |
| 801 |
Источник записи |
_0 |
| a |
Страна |
RU |
| b |
Организация |
Ульяновская ОНБ |
| c |
Дата составления |
20190228 |
| g |
Правила каталогизации |
RCR |
| 801 |
Источник записи |
_1 |
| a |
Страна |
RU |
| b |
Организация |
Ульяновская ОНБ |
| c |
Дата составления |
20190228 |
| g |
Правила каталогизации |
RCR |
| 901 |
Тип документа |
__ |
| t |
Тип документа |
n |
| w |
Контрольный № источника |
RU/УОНБ/EK_N/591630552 |
| 909 |
Создатель записи |
__ |
| a |
Создатель записи |
Грязнова И. Е. |
| 910 |
Корректоры записи |
__ |
| a |
Корректор записи |
Грязнова И. Е. |
| b |
Дата внесения изменения в запись |
20260403 |